| 000 | 00592nam a22001937a 4500 | ||
|---|---|---|---|
| 999 |
_c1772 _d1772 |
||
| 001 | 12776 | ||
| 003 | BD-DhUAP | ||
| 005 | 20200216124611.0 | ||
| 008 | 200216s2008 ii ||||| |||| 00| 0 eng d | ||
| 040 |
_aBD-DhUAP _bEng _cBD-DhUAP _dBD-DhUAP |
||
| 082 |
_223 _a347.5405 RAB |
||
| 100 | _aRabbani, Mohammad Gholam. | ||
| 245 |
_aThe code of civil procedure (act v of 1908) : _bconcept, comment and case / _cMohammad Gholam Rabbani. |
||
| 250 | _a1st ed. | ||
| 260 |
_aDhaka : _bDhaka law reports, _cc2008. |
||
| 300 |
_a872 pages ; _c25 cm. |
||
| 650 |
_aCivil procedure _zIndia. |
||
| 942 |
_2ddc _cBK |
||